00810cam a2200241 a 450000100060000000300080000600500170001400800400003102000150007103500190008604000330010504100080013808200300014624500760017626000580025230000350031050400410034565000330038665000460041965000260046570000530049170000240054411168BD-RjUL20211208235100.014126s1982 paua b 001 0 eng  a0879334061 a(BD-RjUL)11217 aLCbengcLCdNNCU:AdBD-RjUL aeng04a551.2202854219bDEC 198200aDeconvolution of seismic data /cedited by V.K. Arya and J.K. Aggarwal. aStroudsburg, Pa. :bHutchinson Ross Pub. Co.,cc1982. axiii, 308 p. :bill. ;c27 cm. aIncludes bibliographies and indexes. 0aSeismologyxData processing. 0aSeismic reflection methodxDeconvolution. 0aTime-series analysis.1 aAggarwal, J. K.q(Jagdishkumar Keshoram),d1936-1 aArya, V. K.,d1939-